000 00374 a2200169 4500
001 190680
020 _a978-85-01-07826-1
040 _cMagnum
100 _aCornwell, Bernard
240 1 0 _aOs senhores do norte
_lpor
245 1 0 _aOs senhores do norte
300 _a347
362 0 _a2007
440 1 _aRecord
697 _aLITERATURA GERAL ESTRANGEIRA
942 _cBK
999 _c190680
_d190680